000 01431cam a2200301 i 4500
001 20049985
005 20230731112109.0
008 171006s2019 nyuab 001 0 eng
010 _a 2017046084
020 _a9781259638619
040 _aDLC
_beng
_cDLC
_erda
_dDLC
042 _apcc
050 0 0 _aQE 28.3 .R49 2019
082 0 0 _a550
_223
100 1 _aReynolds, Stephen J.,
_eauthor.
245 1 0 _aExploring earth science /
_cStephen J. Reynolds, Arizona State University, Julia K. Johnson, Arizona State University ; contributing authors, Robert V. Rohli, Louisiana State University, Peter R. Waylen, University of Florida, Mark A. Francek, Central Michigan University ; Cynthia C. Shaw, lead illustrator, art director.
250 _aSecond edition.
300 _axxx, 609 pages :
_bcolor illustrations, color maps ;
_c28 cm
500 _aIncludes index.
650 0 _aEarth sciences.
700 1 _aJohnson, Julia K.,
_eauthor.
700 1 _aRohli, Robert V.,
_eauthor.
700 1 _aWaylen, Peter R.,
_eauthor.
700 1 _aFrancek, Mark A.,
_eauthor.
906 _a7
_bcbc
_corignew
_d1
_eecip
_f20
_gy-gencatlg
942 _2lcc
_cBOOKS
_hQE 28.3 .R49 2019
999 _c31785
_d31785